Statistics for Marvel Heroes by Real Names (Easy) #5

Click here to take the quiz!

General Stats

  • This quiz has been taken 8 times
  • The average score is 16 of 25

Answer Stats

NameAnswer% Correct
Natalia Romanova/Natasha RomanovBlack Widow
100%
Bruce BannerHulk
100%
Nicholas FuryNick Fury
88%
Pietro MaximoffQuicksilver
88%
Gwendolyn "Gwen" StacySpider-Gwen
88%
Janet Van DyneWasp
88%
Benjamin "Ben" GrimThing
75%
Eric BrooksBlade
63%
Robert "Bobby" DrakeIceman
63%
Carl Lucas (later legally changed)Luke Cage/Power Man
63%
Richard RiderNova
63%
Katherine "Kitty" PrydeShadowcat
63%
Norrin RaddSilver Surfer
63%
John WalkerU.S. Agent
63%
Neena ThurmanDomino
50%
Arthur DouglasDrax the Destroyer
50%
Karnak Mander-AzurKarnak
50%
Mercedes KnightMisty Knight
50%
Miguel O'HaraSpider-Man 2099
50%
Shiro YashidaSunfire
50%
Simon WilliamsWonder Man
50%
ZabuZabu
50%
James "Jamie" MadroxMultiple Man
38%
John ProudstarThunderbird
38%
Rahne SinclairWolfsbane
38%

Score Distribution

Percentile by Number Answered

Percent of People with Each Score

Your Score History

You have not taken this quiz